000
00330nam a2200145Ia 4500
008
230718s9999 xx 000 0 und d
041
_a
Eng.
082
_a
346.53
_b
AWA-S
100
_a
Awan,Tariq Ambrin
245
0
_a
Succession act
260
_a
Pakistan
_b
irfan law book
_c
2012
300
_a
224
650
_a
Law
999
_c
30306
_d
30306